000 00556nam a2200205Ia 4500
005 20250326144150.0
008 250326s9999 xx 000 0 und d
020 _a978 0 12 370489 4
037 _aTextbook
040 _aFMSL
_beng
_cFMSL
041 _aeng
_2eng
084 _aX P7
_qFMSL
100 _aBoumans Marcel Ed.
_9749160
245 0 _aMeasurement in economics:A handbook
_cBoumans Marcel Ed.
260 _aNY
_bNY, Acadamic Press
_c2007
300 _ax,448
365 _b6129.5
942 _cTB
_hX P7
999 _c1302629
_d1302629